Départements français littoraux - Statistiques

Statistiques générales
  • Ce quiz a été pris 716 fois
    709 depuis la dernière actualisation
  • Le résultat moyen est 26 sur 30
Statistiques - réponses
Département Mer ou océan % Correct
Nord Mer du Nord
96%
Finistère Manche / Océan Atlantique
94%
Pas-de-Calais Mer du Nord / Manche
93%
Gironde Océan Atlantique
92%
Manche Manche
91%
Var Mer Méditerranée
91%
Morbihan Océan Atlantique
90%
Seine-Maritime Manche
90%
Vendée Océan Atlantique
90%
Calvados Manche
89%
Charente-Maritime Océan Atlantique
89%
Loire-Atlantique Océan Atlantique
89%
Alpes-Maritimes Mer Méditerranée
88%
Bouches-du-Rhône Mer Méditerranée
88%
Hérault Mer Méditerranée
88%
Landes Océan Atlantique
87%
Pyrénées-Atlantiques Océan Atlantique
87%
Pyrénées-Orientales Mer Méditerranée
86%
Gard Mer Méditerranée
85%
Côtes-d'Armor Manche
81%
Somme Manche
81%
Guadeloupe Océan Atlantique / Mer des Antilles
80%
Martinique Océan Atlantique / Mer des Antilles
80%
Guyane Océan Atlantique
79%
Aude Mer Méditerranée
78%
Îlle-et-Vilaine Manche
77%
Réunion Océan Indien
77%
Mayotte Océan Indien
76%
Haute-Corse Mer Méditerranée
73%
Corse-du-Sud Mer Méditerranée
72%
Aucun quiz correspondant
Distribution des résultats
% des personnes avec chaque résultat
Percentile par nombre de réponses
Votre historique - résultats
Vous n’avez pas pris ce quiz depuis la dernière actualisation